Building study (Record no. 78384)

MARC details
000 -LEADER
fixed length control field 00776cab a2200205 4500
001 - CONTROL NUMBER
control field ##L136640
008 - FIXED-LENGTH DATA ELEMENTS--GENERAL INFORMATION
fixed length control field 070213n2007 000 0 eng u
035 ## - SYSTEM CONTROL NUMBER
System control number (Sirsi) u136640
041 0# - LANGUAGE CODE
Language code of text/sound track or separate title eng
100 1# - MAIN ENTRY--PERSONAL NAME
Personal name Burland, James
245 00 - TITLE STATEMENT
Title Building study
Remainder of title it's warped and reminiscent of the side of a training shoe
260 ## - PUBLICATION, DISTRIBUTION, ETC.
Date of publication, distribution, etc. 2007
490 #0 - SERIES STATEMENT
Series statement Architects' Journal
Volume/sequential designation 225(5) 8 February 2007, 22-33(12)
520 ## - SUMMARY, ETC.
Summary, etc. Reports on the design, architecture and costing of Lee Valley Athletics Centre, northeast London. Contains building costs, architects' drawings, layout plans and project credits. The overall development budget cost was £16m.
590 ## - LOCAL NOTE (RLIN)
Local note KA
590 ## - LOCAL NOTE (RLIN)
Local note KA
651 #4 - SUBJECT ADDED ENTRY--GEOGRAPHIC NAME
Geographic name United Kingdom
Chronological subdivision
690 ## - LOCAL SUBJECT ADDED ENTRY--TOPICAL TERM (OCLC, RLIN)
Topical term or geographic name as entry element BUILT ENVIRONMENT-BUILDING COSTS
942 ## - ADDED ENTRY ELEMENTS (KOHA)
Suppress in OPAC 0
Holdings
Withdrawn status Lost status Source of classification or shelving scheme Damaged status Not for loan Home library Current library Shelving location Date acquired Total Checkouts Full call number Barcode Date last seen Copy number Price effective from Koha item type
    Dewey Decimal Classification     London London Journal article 13/02/2007   L136640 136640-1001 06/08/2019 1 06/08/2019 Journal article